000 00990nac a22002291u 4500
008 111219s2006 xxu|||||r|||| 00| 0 eng d
010 _a 2004059743
020 _a0072964049 (alk. paper)
022 _a0071116249 (international ed.)
082 0 0 _a004.6
_bMIL
_222
100 _aMiller, David,
_928176
245 1 0 _aData communications and networks /
_cDave Miller.
260 _aBoston :
_bMcGraw-Hill/Irwin,
_cc2006.
300 _axiv, 418 p. :
_bill. ;
_c26 cm.
500 _aIncludes index.
650 0 _aData transmission systems.
_928177
650 0 _aComputer networks.
_928178
856 4 2 _3Publisher description
_uhttp://www.loc.gov/catdir/enhancements/fy0618/2004059743-d.html
856 4 2 _3Table of contents only
_uhttp://www.loc.gov/catdir/enhancements/fy0618/2004059743-t.html
942 _cTB
_k004.6M6471
_2ddc
999 _c4883
_d4883